00427 a2200145 4500010001400000020002300014035001300037037001800050082001300068100001800081245005600099260004400155270005700199300002500256 aENG-85497 c110.00a8171244459 aEN-69030 bD.B.Act / Pub14a808.06661 aSharma, R. S.1 aTechnical writing and communicationcby R.S. Sharma aVaranasibVishvidyalaya Prakashanc2005 aChowkbVaranasie221 001k0542-2413741mvvp@vsnl.com a155 p.c22 cm (Pbk.)